An interdisciplinary approavh on the management of disorders of sex development from Islamic perspective in Malaysia /
Saved in:
| Main Author: | |
|---|---|
| Format: | Book |
| Language: | English |
| Published: |
2022.
|
| Tags: |
Add Tag
No Tags, Be the first to tag this record!
|
| LEADER | 00614cam a2200181 4500 | ||
|---|---|---|---|
| 001 | u1163621 | ||
| 003 | SIRSI | ||
| 005 | 202307281623 | ||
| 008 | 230728n2022 my m 000 0 eng u | ||
| 040 | |a UMM |e rda | ||
| 100 | 0 | |a Zulaikha Abdul Halim. | |
| 245 | 1 | 2 | |a An interdisciplinary approavh on the management of disorders of sex development from Islamic perspective in Malaysia / |c Zulikah Binti Abdul Halim. |
| 264 | 1 | |c 2022. | |
| 336 | |a text$2rdacontent | ||
| 337 | |a unmediated$2rdamedia | ||
| 338 | |a volume$2rdacarrier | ||
| 596 | |a 1 | ||
| 999 | |a XX(1163621.1) |w LC |c 1 |i 1163621-1001 |l INPROCESS |m P01UTAMA |r Y |s Y |t TESIS |u 28/7/2023 | ||
